Aplikácia experimentálnej metódy identifikácie na hydrostatický prevodník s naklonenou platňou

Bibliographic Details
Main Authors: Pristaš, Peter, 1952- (Author), Šebesta, Stanislav (Author)
Format: Article
Language:Slovak
PhysicalDescription:Obr. 6., lit. 3 zázn. v slov., angl.
Subjects:

MARC

LEADER 00000nab a2200000 a 4500
001 vtls000415260
003 SK-MaSNL
005 20260302234541.0
008 120925c1989 xo 0 slo
015 |a SNBRA19rr/mm-uuuuu 
035 |a CL0415385 
040 |a SNKBUCL  |b slo  |c SNKBUCL  |e AACR2 
041 0 |a slo 
044 |a xo  |c SK 
080 |a 532:621.83.032  |2 1981 
080 |a 621.83.032  |2 1981 
080 |a 621.22  |2 1981 
100 1 |a Pristaš, Peter,  |d 1952-  |4 aut  |9 224316 
245 1 0 |a Aplikácia experimentálnej metódy identifikácie na hydrostatický prevodník s naklonenou platňou  |c Peter Pristaš, Stanislav Šebesta 
300 |b Obr. 6., lit. 3 zázn. v slov., angl. 
650 0 7 |a prevodníky hydrostatické  |2 snkbucl  |9 933595 
655 7 |a články zo zborníkov  |2 snkbucl  |9 166140 
700 1 |a Šebesta, Stanislav  |4 aut  |9 376674 
773 0 |t Aplikácia experimentálnych metód v mechanike tekutín  |d Žilina : Dom techniy ČSVTS, 1989  |g S. 273-281 
850 |a Slovenská národná knižnica v Martine  |a MTA001 
852 |a SNK  |b KIS3GCP 
958 |a RK 
992 |a RZB 
999 |c 1551113  |d 1553043